Đầu tư quốc tế
Gespeichert in:
| 1. Verfasser: | |
|---|---|
| Weitere Verfasser: | |
| Format: | Buch |
| Sprache: | Undetermined |
| Veröffentlicht: |
H.
Đại học Quốc gia Hà Nội
2001
|
| Schlagworte: | |
| Online Zugang: | http://lrc.tdmu.edu.vn/opac/search/detail.asp?aID=2&ID=4029 |
| Tags: |
Tag hinzufügen
Keine Tags, Fügen Sie den ersten Tag hinzu!
|
| Thư viện lưu trữ: | Trung tâm Học liệu Trường Đại học Thủ Dầu Một |
|---|
| LEADER | 00715nam a2200205Ia 4500 | ||
|---|---|---|---|
| 001 | TDMU_4029 | ||
| 008 | 210410s9999 xx 000 0 und d | ||
| 082 | |a 332.673 | ||
| 090 | |b P568 | ||
| 100 | |a Phùng, Xuân Nhạ | ||
| 245 | 0 | |a Đầu tư quốc tế | |
| 245 | 0 | |c TS. Phùng Xuân Nhạ | |
| 260 | |a H. | ||
| 260 | |b Đại học Quốc gia Hà Nội | ||
| 260 | |c 2001 | ||
| 300 | |a 233tr. | ||
| 650 | |a Đầu tư quốc tế; Kinh tế tài chính |x Đầu tư quốc tế | ||
| 700 | |a Đại học Quốc gia Hà Nội | ||
| 856 | |u http://lrc.tdmu.edu.vn/opac/search/detail.asp?aID=2&ID=4029 | ||
| 980 | |a Trung tâm Học liệu Trường Đại học Thủ Dầu Một | ||